Quizzes
Events
Quiz Creation
Community
Videos
Private Events
Remove Ads
Sign In
Join for FREE
Feedback
Dark Mode
Quiz Categories
Sports
Geography
Music
Movies
Television
Just For Fun
Miscellaneous
History
Literature
Language
Science
Gaming
Entertainment
Religion
Holiday
For Kids
Quiz Lab
Recent
Popular Today
Quiz Kudos Today
Editor Picks
Curator Picks
Quizzes by...
Day
Popularity
Type
Ratings
Length
Year
Community
Subscriptions
Recent Discussions
Orange Saloon
Badges
Playlists
Quests
Create
Leaderboards
Showdown
Live 5
Trivia Bingo
Activity
Puzzle Library
Sporcle Events
Private Events
Virtual Trivia
Globe League
Become a Host
Pub Owners
SporcleCon
Opinionation
Our Games
Videos
Blog
Mobile Apps
Partnerships
Remove Ads and Go Orange
Feedback
Sports
Athletes
MLB
NBA
NHL
NFL
Soccer
Sports Teams
WWE
NCAA
Football
Premier League
Basketball
Baseball
Hockey
Golf
Tennis
Cricket
Rugby
Auto Racing
Olympics
World Cup
Sports
Athletes
MLB
NBA
NHL
NFL
Soccer
Sports Teams
WWE
NCAA
Football
Premier League
Basketball
Baseball
Hockey
Golf
Tennis
Cricket
Rugby
Auto Racing
Olympics
World Cup
Random Quiz
Search Sporcle
×
Quiz Lab
Quiz Lab
Sports
NCAA
Type in answers that appear in a list
Type in answers that appear in a list
Classic
Best Score? Go Orange.
Bowling Green WBB 1000 point scorers Stats
Can you name the Bowling Green WBB 1000 point scorers?
By
djb8
7m
26 Questions
2 Plays
2 Plays
2 Plays
Comments
Comments
Give Quiz Kudos
Give Quiz Kudos
-
- Ratings
hide this ad
More Info
Replay
Link that replays current quiz
Next Quiz
Link to next quiz in quiz playlist
You Got
0%
They Got
Avg Score
26%
Avg Friend Score
Upgrade to see
Score Distribution
Jump to the score distribution portion of the page
Score
0/26
Timer
07:00
0
Plays Today
Years
Player
% Correct
2007-
2011
Lauren Prochaska
100%
1985-
1989
Jackie Motycka
100%
2003-
2007
Ali Mann
100%
2004-
2008
Kate Achter
100%
2003-
2007
Liz Honegger
50%
1989-
1994
Lori Albers
50%
1991-
1995
Michelle Shade
50%
1989-
1993
Andrea Nordmann
50%
2000-
2004
Stefanie Wenzel
50%
2000-
2004
Lindsay Austin
50%
1994-
1998
Sara Puthoff
0%
1998-
2003
Francine Miller
0%
1990-
1994
Talita Scott
0%
Years
Player
% Correct
1994-
1998
Charlotta Jones
0%
1979-
1983
Chris Tuttle
0%
1986-
1990
Angie Bonner
0%
2007-
2011
Tracy Pontius
0%
1983-
1987
Stephanie Coe
0%
2003-
2007
Carin Horne
0%
1979-
1983
Melissa Chase
0%
1995-
1999
Jacki Raterman
0%
1989-
1993
Judit Lendvay
0%
1985-
1989
Megan McGuire
0%
1980-
1984
Cary McGehee
0%
2009-
2013
Chrissy Steffen
0%
2011-
2014
Alexis Rogers
0%
Quiz Playlist
Details
Report
Send in Message
Add To Playlist
More Info:
Name the Bowling Green women's basketball players who scored 1000 or more points as a Falcon. Includes players through 2013-14.
Classic:
Type in answers that appear in a list
Quiz Source
Last Updated: Feb 16, 2017
Quiz Scoreboard
CHALLENGE
Sign Up to Join the Scoreboard
Show All
Scores
Hide
Comments
May contain spoilers
Recently Published
An Introduction to Baseball
by treessimontrees
Sports
5m
Movies - When Are They Set?
by FPL_Elf
Movies
5m
Popular People in 1961
by mucciniale
History
6m
More to Explore
Quiz From the Vault
Featured Blog Post
Where Did the Easter Bunny Come From?
hide this ad
You Might Also Like...
Tags
NCAA Quiz
bgsu
Mid-American
Today's Top Quizzes in Sports
Browse Sports
hide this ad
Today's Top Quizzes in NCAA
Browse NCAA
Top Contributed Quizzes in Sports
1
Les meilleurs buteurs des matchs entre le PSG et l’OM
2
2022 World Cup Stars
3
FIFA Club World Cup Champions
4
Les entraîneurs de l'OM et du PSG au 21e siècle
5
Name the Premier League winners with different clubs
6
La finale Lions - Afrique du Sud 2021
7
Les joueurs passés par le LOSC et le RC Lens
8
Criteria MLB: Left Handed Sluggers
9
Players with Multiple 50 Home Run Seasons
10
5-to-1: UK Sports Teams
Explore More
Trending Topics
NBA
Crossword
Anime
Disney
Marvel
Harry Potter
Kpop
Country
Soccer
WWE
Puzzle
Song
Pokémon
The Office
NFL
hide this ad
More By:
djb8
Quiz
Plays
Rating
Category
Featured
Created
Bowling Green WBB First Team All-MAC (clickable)
5
Sports
Dec 27, 2012
Bowling Green MBB First Team All-MAC (clickable)
18
Sports
Dec 27, 2012
Bowling Green MBB 1000 point scorers
8
Sports
Dec 27, 2012
Bowling Green WBB First Team All-MAC (clickable)
5
Sports
Dec 27, 2012
Bowling Green WBB 1000 point scorers
2
Sports
Dec 27, 2012
Go to Creator's Profile
Score Distribution
Quiz Creator Spotlight
djb8
Follow
Send a Message
Quizzes Created
-
Created Quiz Play Count
-
More By This Creator
Popular Quizzes Today
1
Find the Countries of Europe - No Outlines Minefield
2
Find the US States - No Outlines Minefield
3
The Countries of the World
4
Popular People in 1961
5
Find the US States
6
US States
7
1-10 Letter E Words III
8
Risky Map Clicking: Biggest States A-Z
More Sports Quizzes
Real Madrid Most La Liga Appearances Since 2000
Quiz Lab
Trending Quizzes
Risky Map Clicking: Least Populous States A-Z
1-10 Letter F Words
1-10 Letter G Words
Not Quite an Element Typing Challenge
One Thing in Common: United Kingdom
Recently Updated
Leaping Animals
pecheneg
Reality TV Shows (A-Z)
bhenderson79
Rickey Henderson's Hall of Fame Teammates
pecheneg
Champions League XIs: Arsenal
pecheneg
Quick Pick: Celebrities in WWE's Hall of Fame
aduchscher
A-Z Keypad Blitz II
pecheneg
Multiple Oscar Actors
pecheneg
Mystery Phrase Blitz: Oscar 'Best Actors'
pecheneg
F. Scott Fitzgerald Novels
LTH
Pick 3 Villains
ddd62291
Trending Topics
Disney
Harry Potter
NBA
Marvel
Anime
Kpop
Crossword
Soccer
NFL
The Office
Pokémon
Country
Song
Puzzle
WWE
Your Account Isn't Verified!
In order to create a playlist on Sporcle, you need to verify the email address you used during registration. Go to your
Sporcle Settings
to finish the process.
Report this User
Report this user for behavior that violates our
Community Guidelines
.
Details:
Send Report
Go to the Sporcle.com Mobile Site →
Comments